| 000 | 00835nam a2200265Ia 4500 | ||
|---|---|---|---|
| 003 | OSt | ||
| 005 | 20220924125638.0 | ||
| 006 | a|||||r|||| 00| 0 | ||
| 007 | ta | ||
| 008 | 220923b |||||||| |||| 00| 0 per d | ||
| 024 | _a331181 | ||
| 037 | _cTextual | ||
| 040 |
_aARTS _cARTS _bper |
||
| 041 |
_2per _aper |
||
| 082 | _aV45:74, 164K9 | ||
| 100 |
_aBanakati Fakhr-al-Din Davud Au. _9198658 |
||
| 245 | 0 | _aTarikh-e-Banakati: a general history from the earliest times to the 14th century,A.D | |
| 260 |
_aTehran _bAnjuman aasar-i-milli Iran _c1969 |
||
| 300 |
_a591p. _ccm. |
||
| 650 | _a PERSIAN LANGUAGE | ||
| 650 | _aIRAN - HISTORY | ||
| 700 |
_a Shear Ja'far Ed. _9198659 |
||
| 942 |
_hV45:74, 164K9 _cTEXL _2CC |
||
| 999 |
_c423115 _d423115 |
||